The Engineering Chemistry/ (Record no. 189366)

MARC details
000 -LEADER
fixed length control field 00433nam a22001697a 4500
005 - DATE AND TIME OF LATEST TRANSACTION
control field 20220624125022.0
010 ## - LCCN (DPL NO)
LC control number ENG-133383
020 ## - INTERNATIONAL STANDARD BOOK NUMBER
International Standard Book Number 9789382782056
Terms of availability 400.00
035 ## - SYSTEM CONTROL NUMBER
System control number EN-116915
037 ## - SOURCE OF ACQUISITION
Source of stock number/acquisition DBAD/PUB
082 ## - DEWEY DECIMAL CLASSIFICATION NUMBER
Classification number 660.2
245 ## - TITLE STATEMENT
Title The Engineering Chemistry/
250 ## - EDITION STATEMENT
Edition statement First Edition
260 ## - PUBLICATION, DISTRIBUTION, ETC. (IMPRINT)
Name of publisher, distributor, etc Chitkara University Publication
300 ## - PHYSICAL DESCRIPTION
Extent vp.
Dimensions 23cm(pbk)
942 ## - ADDED ENTRY ELEMENTS (KOHA)
Source of classification or shelving scheme Dewey Decimal Classification
Item type English Books
Classification part 660.2
Call number suffix THE
Holdings
Withdrawn status Lost status Not for loan Collection code Home library Current library Date acquired Source of acquisition Cost, normal purchase price Full call number Barcode Copy number Cost, replacement price Koha item type
      Non-fiction Ashok Vihar Ashok Vihar 24/06/2022 DBAD/PUB 400.00 660.2 THE EN-116915 1 400.00 English Books

© Delhi Public Library
Hit Counter
free hit counter